Expressions de la langue française utilisant le mot coude(s) - Statistiques

Statistiques générales
  • Ce quiz a été pris 158 fois
  • Le résultat moyen est 5 sur 7
Statistiques - réponses
Indice Mot % Correct
très proche l'un de l'autre : au coude à .... coude
100%
s'entraider, se .... les coudes serrer
91%
énergie humaine : .... de coude huile
78%
se frayer un passage dans la foule : .... des coudes jouer
69%
boire un coup : .... le coude lever
69%
avoir les coudées .... franches
49%
de côté, en attente , .... le coude sous
36%
Aucun quiz correspondant
Distribution des résultats
% des personnes avec chaque résultat
Percentile par nombre de réponses
Votre historique - résultats
Vous n’avez pas pris ce quiz